The Battle of Mohács /

The story of the battle of Mohács and of King Louis II's dramatic escape, only to meet his end by falling from his horse and drowning in the stream of Csele, is well-known. These traumatic events have been seen as symbolizing the fall of the independent Hungarian Kingdom and the dawn of an age...

وصف كامل

محفوظ في:

مؤلفون آخرون: Pap, Norbert (المحرر)

التنسيق: كتاب الكتروني

اللغة: English

منشور في: Leiden ; Boston : Brill, 2025.

سلاسل: Early Modern History and Modern History E-Books Online, Collection 2024.
History of Warfare ; 146.

الموضوعات:

الوصول للمادة أونلاين: Login to view Source

الوسوم: إضافة وسم

لا توجد وسوم, كن أول من يضع وسما على هذه التسجيلة!

رقم الطلب: DR507

LEADER 04164nam a22004938i 4500
001 BRILL9789004707498
003 nllekb
005 20241111180757.0
006 m d
007 cr un uuuua
008 240823s2025 gw sb 001 0 eng d
010 |a  2024028781 
020 |a 9789004707498  |q (electronic book) 
020 |z 9789004695825  |q (print) 
024 7 |a 10.1163/9789004707498  |2 DOI 
035 |z (OCoLC)1441722961 
040 |a NL-LeKB  |c NL-LeKB  |e rda 
041 |a eng 
050 4 |a DR507 
072 7 |a HB  |2 bicssc 
072 7 |a HIS  |x 000000  |2 bisacsh 
082 0 4 |a 943.9/041  |2 23 
245 1 4 |a The Battle of Mohács /  |c edited by Norbert Pap. 
264 1 |a Leiden ;  |a Boston :  |b Brill,  |c 2025. 
264 4 |c ©2025 
300 |a 1 online resource (624 pages) :  |b illustrations. 
336 |a text  |b txt  |2 rdacontent 
337 |a computer  |b c  |2 rdamedia 
338 |a online resource  |2 rdacarrier 
490 1 |a Early Modern History and Modern History E-Books Online, Collection 2024 
490 1 |a History of Warfare ;  |v 146 
504 |a Includes bibliographical references and index. 
505 0 |t Preface of the Editor -- List of Figures and Tables -- Notes on Contributors -- Introduction: Exploring Research Challenges on the Battle of Mohács -- Norbert Pap -- PART 1: The Armies and the Battle -- 1 Süleyman and Hungary: Conquest, Ideology and Memory -- Pál Fodor -- 2 The Main Scenes -- Norbert Pap, Máté Kitanics and Péter Gyenizse -- 3 The Hungarian and Ottoman Forces at the Battle of Mohács -- Máté Kitanics, Pál Fodor and Norbert Pap -- 4 Ottoman Turkish Handguns -- Norbert Pap, Pál Fodor and Máté Kitanics -- 5 The Battle and Its Aftermath -- Norbert Pap and Máté Kitanics -- PART 2: The Overall Landscape -- 6 Geomorphology of the Mohács Plain and Its Environs -- Péter Gyenizse, Dénes Lóczy and Gábor Varga -- 7 Reconstruction of the Drainage of the Mohács Plain and Its Implications for the Battle of Mohács -- Péter Gyenizse, Dénes Lóczy and Gábor Varga -- PART 3: The Battle Arena -- 8 Localizing the Central Area of the Battle of Mohács: Search for the Medieval Settlement of Földvár -- Norbert Pap, Máté Kitanics and Péter Gyenizse -- 9 Critical Comments on the Available Military Archaeology Topographic Data -- Máté Kitanics, Norbert Pap, Sándor Konkoly and Erika Hancz -- 10 Where and How Did King Louis II Die? -- Norbert Pap, Péter Gyenizse and Máté Kitanics -- PART 4: Spaces of Remembrance -- 11 Hünkâr Tepesi (Törökdomb): the Ottoman Memorial Place of the Battle -- Norbert Pap, Pál Fodor, Máté Kitanics, Tamás Morva, Gábor Szalai, Erika Hancz and Péter Gyenizse -- 12 Landscape, Artistic Representation, Memorials: Remembrance of the Location of the Battle of Mohács in 1526 -- Júlia Papp -- 13 Memorial Politics and the Sites of the Battle of Mohács -- Norbert Pap -- Index. 
520 |a The story of the battle of Mohács and of King Louis II's dramatic escape, only to meet his end by falling from his horse and drowning in the stream of Csele, is well-known. These traumatic events have been seen as symbolizing the fall of the independent Hungarian Kingdom and the dawn of an age of oppression. This volume presents new research on these events and their interpretation, focusing on topics such as battlefield reconstruction, troop involvement, firearm use, and later political use and abuse of the memory of the battle. Contributors are Pál Fodor, Péter Gyenizse, Erika Hancz, Máté Kitanics, Sándor Konkoly, Dénes Lóczy, Tamás Morva, Norbert Pap, Júlia Papp, Gábor Szalai, and Gábor Varga. 
546 |a English 
588 |a Description based on print version record. 
650 0 |a Mohács, Battle of, Hungary, 1526. 
700 1 |a Pap, Norbert,  |e editor. 
776 0 8 |i Print version:  |t The Battle of Mohács.  |d Leiden ; Boston : Brill, 2025.  |z 9789004695825  |w (DLC) 2024028780 
830 0 |a Early Modern History and Modern History E-Books Online, Collection 2024. 
830 0 |a History of Warfare ;  |v 146. 
856 4 |z DOI:   |u http://dx.doi.org/10.1163/9789004707498 
942 |2 lcc  |c EBOOK 
999 |c 59735  |d 59735